Civilizing security
| Authors: | ; |
|---|---|
| Format: | Print Book |
| Language: | English |
| Published: |
Cambridge [u.a.]
Cambridge University Press
2007
|
| In: | Year: 2007 |
| Online Access: |
Contributor biographical information Publisher description Table of contents only |
| Availability in Tübingen: | Present in Tübingen. UB: KB 20 A 2592 |
| Check availability: | HBZ Gateway |
| Subito Delivery Service: | Order now. |
| Keywords: |
MARC
| LEADER | 00000cam a2200000 c 4500 | ||
|---|---|---|---|
| 001 | 523308256 | ||
| 003 | DE-627 | ||
| 005 | 20251223212722.0 | ||
| 007 | tu | ||
| 008 | 070124s2007 xxk||||| 00| ||eng c | ||
| 016 | 7 | |a 013645430 |2 UK | |
| 020 | |a 0521691591 |c (pbk) : £15.99 hbk. : £45.00 |9 0-521-69159-1 | ||
| 020 | |a 0521871204 |c (hbk.) : £45.00 : £15.99 |9 0-521-87120-4 | ||
| 020 | |a 9780521691598 |c : pbk |9 978-0-521-69159-8 | ||
| 020 | |a 9780521871204 |c (hbk.) |9 978-0-521-87120-4 | ||
| 024 | 3 | |a 9780521691598 | |
| 035 | |a (DE-627)523308256 | ||
| 035 | |a (DE-576)265970091 | ||
| 035 | |a (DE-599)GBV523308256 | ||
| 035 | |a (OCoLC)255704636 | ||
| 035 | |a (OCoLC)255704636 | ||
| 035 | |a (DE-615)00351846 | ||
| 040 | |a DE-627 |b ger |c DE-627 |e rakwb | ||
| 041 | |a eng | ||
| 044 | |c XA-GB |c XD-US | ||
| 050 | 0 | |a UA10.5 | |
| 082 | 0 | |a 355.03 | |
| 084 | |a RS |2 fivr | ||
| 084 | |a SC |2 fivs | ||
| 084 | |a SF06 |2 fivs | ||
| 084 | |a 3,6 |2 ssgn | ||
| 084 | |a MF 9500 |2 rvk |0 (DE-625)rvk/122811: | ||
| 084 | |a 89.40 |2 bkl | ||
| 100 | 1 | |a Loader, Ian |d 1965- |0 (DE-588)1066767122 |0 (DE-627)817934790 |0 (DE-576)174975201 |4 aut | |
| 109 | |a Loader, Ian 1965- | ||
| 245 | 1 | 0 | |a Civilizing security |c Ian Loader and Neil Walker |
| 264 | 1 | |a Cambridge [u.a.] |b Cambridge University Press |c 2007 | |
| 300 | |a VIII, 305 S |c 24cm | ||
| 336 | |a Text |b txt |2 rdacontent | ||
| 337 | |a ohne Hilfsmittel zu benutzen |b n |2 rdamedia | ||
| 338 | |a Band |b nc |2 rdacarrier | ||
| 500 | |a Formerly CIP | ||
| 583 | 1 | |a Archivierung prüfen |c 20200919 |f DE-640 |z 3 |2 pdager | |
| 583 | 1 | |a Archivierung prüfen |c 20240324 |f DE-4165 |z 1 |2 pdager | |
| 650 | 0 | |a National Security | |
| 650 | 0 | |a Security systems | |
| 650 | 0 | |a Nationale veiligheid | |
| 650 | 0 | |a Overheidsbeleid | |
| 650 | 0 | |a Democratie | |
| 650 | 4 | |a Sicherheit |x Internationale Sicherheit |x Innere Sicherheit |x Demokratie |x Öffentliche Güter/Öffentliche Leistungen |x Staatsfunktionen | |
| 689 | 0 | 0 | |d s |0 (DE-588)4127888-4 |0 (DE-627)105721344 |0 (DE-576)209597410 |a Innere Sicherheit |2 gnd |
| 689 | 0 | 1 | |d s |0 (DE-588)7716334-5 |0 (DE-627)634971956 |0 (DE-576)330012916 |a Menschliche Sicherheit |2 gnd |
| 689 | 0 | 2 | |d s |0 (DE-588)4043179-4 |0 (DE-627)106210904 |0 (DE-576)209054557 |a Öffentliches Gut |2 gnd |
| 689 | 0 | |5 (DE-627) | |
| 700 | 1 | |a Walker, Neil |d 1960- |0 (DE-588)17082117X |0 (DE-627)060959134 |0 (DE-576)131670484 |4 aut | |
| 856 | 4 | 2 | |u http://www.loc.gov/catdir/enhancements/fy0729/2007277275-d.html |x Verlag |y Publisher description |7 1 |
| 856 | 4 | 2 | |u http://www.loc.gov/catdir/enhancements/fy0729/2007277275-b.html |x Verlag |y Contributor biographical information |7 1 |
| 856 | 4 | 2 | |u http://www.loc.gov/catdir/enhancements/fy0729/2007277275-t.html |x Verlag |y Table of contents only |7 1 |
| 935 | |i Blocktest | ||
| 936 | r | v | |a MF 9500 |b Innere Sicherheit (Polizei, Verfassungsschutz, Geheimdienst) |k Politologie |k Politische Systeme: einzelne Elemente |k Politische Sachgebiete |k Innere Sicherheit (Polizei, Verfassungsschutz, Geheimdienst) |0 (DE-627)1271205475 |0 (DE-625)rvk/122811: |0 (DE-576)201205475 |
| 936 | b | k | |a 89.40 |j Innere Beziehungen des Staates: Allgemeines |0 (DE-627)106414100 |
| 936 | f | i | |0 (DE-627)1756134723 |a RS |b Ohne direkten Regionalbezug |k Ohne direkten Regionalbezug |2 fivr |
| 936 | f | i | |0 (DE-627)1756135363 |a SC |b Internationale Sicherheit/Verteidigung |k Internationale Sicherheit/Verteidigung |2 fivs |
| 936 | f | i | |0 (DE-627)1756135819 |a SF06 |b Innere Sicherheit/Innerstaatlicher Konflikt |k Staat |k Innere Sicherheit/Innerstaatlicher Konflikt |2 fivs |
| 938 | 1 | 0 | |0 (DE-627)1756198276 |0 (DE-615)6600838 |a Sicherheit |2 fivt |
| 938 | 1 | 0 | |0 (DE-627)1756233098 |0 (DE-615)6601168 |a Internationale Sicherheit |2 fivt |
| 938 | 1 | 0 | |0 (DE-627)1756145407 |0 (DE-615)6603626 |a Innere Sicherheit |2 fivt |
| 938 | 1 | 0 | |0 (DE-627)1756139296 |0 (DE-615)6603936 |a Demokratie |2 fivt |
| 938 | 1 | 0 | |0 (DE-627)1756160171 |0 (DE-615)6602416 |a Öffentliche Güter/Öffentliche Leistungen |2 fivt |
| 938 | 1 | 0 | |0 (DE-627)1756216444 |0 (DE-615)6604794 |a Staatsfunktionen |2 fivt |
| 951 | |a BO | ||
| ELC | |b 1 | ||
| LOK | |0 000 xxxxxcx a22 zn 4500 | ||
| LOK | |0 001 3118797037 | ||
| LOK | |0 003 DE-627 | ||
| LOK | |0 004 523308256 | ||
| LOK | |0 005 20080129134620 | ||
| LOK | |0 008 070626||||||||||||||||ger||||||| | ||
| LOK | |0 040 |a DE-21 |c DE-627 |d DE-21 | ||
| LOK | |0 852 |a DE-21 | ||
| LOK | |0 852 1 |c KB 20 A 2592 |9 00 | ||
| LOK | |0 935 |a krim | ||
| LOK | |0 936ln |a k4.1 | ||
| LOK | |0 938 |l 17/07/07 |8 6 | ||
| LOK | |0 939 |a 26-06-07 |b l01 | ||
| ORI | |a SA-MARC-krimdoka001.raw | ||
| SIG | |a UB: KB 20 A 2592 | ||
